000
00325nam a2200133Ia 4500
008
190216s9999||||xx |||||||||||||| ||und||
100
_a
Simmons G F
245
0
_a
Topology Introduction To Topology And Modern Analysis
250
_a
FIRST
260
_b
Mcgraw -hill
300
_a
372
650
_a
Mathematics
942
_c
BK
999
_c
30801
_d
30801